El constitucionalismo como discurso polt̕ico

Detalles Bibliográficos
Autor principal: Schiera, Pierangelo
Formato: eBook
Lenguaje:español
Publicado: Madrid : Dykinson, 2012
Materias:
Acceso en línea:http://www.vlex.com/source/6955

MARC

LEADER 00000nam a22000007a 4500
005 20130114175318.0
007 cr|||| ||||
008 130114e2012 sp |||||s|||| 00||0 spa d
020 |a 978-84-15455-55-4 
035 |a 6955 
040 |a vLex 
090 |c 3516  |d 3516 
100 1 0 |a Schiera, Pierangelo 
245 1 3 |a El constitucionalismo como discurso polt̕ico  |h [Recurso electrn̤ico] /  |c Pierangelo Schiera 
256 |a Servicio en ln̕ea 
260 |a Madrid :  |b Dykinson,   |c 2012 
300 |a 1 Recurso electrn̤ico 
650 0 4 |a Derecho constitucional 
740 |a vLex Libros (Servicio en ln̕ea) 
856 |a Acceso restringido  |u http://www.vlex.com/source/6955 
942 |c BOOK 
999 0 |a Constitutional law